Trainer des FC Schalke 04 seit 2000 - Statistiken

Allgemein
  • Dieses Quiz wurde 1.302 mal gespielt
    318 seit der letzten Aktualisierung
  • Das Durchschnittsergebnis liegt bei 23 aus 37
Antwortstatistiken
Jahr Trainer % Korrekt
1996-2002 Huub Stevens
91%
2011-2012 Huub Stevens
91%
2019 Huub Stevens
91%
2020 Huub Stevens
91%
2025-heute Miron Muslic
88%
2017-2019 Domenico Tedesco
87%
2008 Mike Büskens/Youri Mulder
84%
2009 Mike Büskens/Youri Mulder/Oliver Reck
84%
2022 Mike Büskens
83%
2020-2021 Christian Gross
81%
2024-2025 Kees van Wonderen
79%
2020 Manuel Baum
76%
2009-2011 Felix Magath
75%
2021-2022 Dimitrios Grammozis
74%
2004-2005 Ralf Rangnick
74%
2011 Ralf Rangnick
74%
2022-2023 Thomas Reis
74%
2014-2015 Roberto di Matteo
68%
2019-2020 David Wagner
64%
2016-2017 Markus Weinzierl
64%
2024 Jakob Fimpel
63%
2025 Jakob Fimpel
63%
2006-2008 Mirko Slomka
63%
2012-2014 Jens Keller
59%
2022 Frank Kramer
58%
2023-2024 Karel Geraerts
57%
2015-2016 Andre Breitenreiter
54%
2003-2004 Jupp Heynckes
44%
2022 Matthias Kreutzer
36%
2023 Matthias Kreutzer
36%
2008-2009 Fred Rutten
34%
2003 Marc Wilmots
28%
2011 Seppo Eichkorn
28%
2011 Seppo Eichkorn
28%
2005-2006 Oliver Reck
26%
2002-2003 Frank Neubarth
20%
2004 Eddy Achterberg
16%
Keine übereinstimmenden Quizze gefunden
Verteilung der Resultate
Anzahl Personen mit jedem Resultat
Perzentil nach korrekt beantworteten Fragen
Ihre Resultats-Entwicklung
Sie haben dieses Quiz seit der letzten Aktualisierung nicht gespielt